|
|
|
|
| LEADER |
02352cam a2200649 i 4500 |
| 001 |
nkc20203174158 |
| 003 |
CZ PrNK |
| 005 |
20240819094117.0 |
| 007 |
ta |
| 008 |
191202s2019 xr ac e 000 0dcze d |
| 015 |
|
|
|a cnb003174158
|
| 020 |
|
|
|a 978-80-7529-817-1
|q (vázáno)
|
| 035 |
|
|
|a (OCoLC)1455302742
|
| 040 |
|
|
|a OSA001
|b cze
|d OLA001
|e rda
|
| 041 |
1 |
|
|a cze
|h ger
|
| 043 |
|
|
|a e-au---
|
| 045 |
|
|
|a x0x1
|
| 072 |
|
7 |
|a 75
|x Malířství
|2 Konspekt
|9 21
|
| 080 |
|
|
|a 75.071.1
|2 MRF
|
| 080 |
|
|
|a 75(436)
|2 MRF
|
| 080 |
|
|
|a 7.036.7
|2 MRF
|
| 080 |
|
|
|a (436)
|2 MRF
|
| 080 |
|
|
|a (048.8)
|2 MRF
|
| 080 |
|
|
|a (084.11)
|2 MRF
|
| 100 |
1 |
|
|a Steiner, Reinhard
|7 xx0008526
|4 aut
|
| 240 |
1 |
0 |
|a Egon Schiele.
|l Česky
|
| 245 |
1 |
0 |
|a Egon Schiele :
|b 1890-1918 : umělcova půlnoční duše /
|c Reinhard Steiner ; z německého originálu Egon Schiele ... přeložila Liselotte Teltscherová
|
| 246 |
1 |
4 |
|a Schiele
|
| 250 |
|
|
|a Vydání druhé
|
| 264 |
|
1 |
|a V Praze :
|b Slovart,
|c 2019
|
| 300 |
|
|
|a 95 stran :
|b ilustrace (převážně barevné), portréty ;
|c 27 cm
|
| 336 |
|
|
|a text
|b txt
|2 rdacontent
|
| 336 |
|
|
|a statický obraz
|b sti
|2 rdacontent
|
| 337 |
|
|
|a bez média
|b n
|2 rdamedia
|
| 338 |
|
|
|a svazek
|b nc
|2 rdacarrier
|
| 500 |
|
|
|a Na obálce a titulní stránce uvedeno původní nakladatelství: Taschen
|
| 504 |
|
|
|a Obsahuje bibliografické odkazy
|
| 546 |
|
|
|a Český text
|
| 600 |
1 |
7 |
|a Schiele, Egon,
|d 1890-1918
|7 jn19990007591
|2 czenas
|
| 648 |
|
4 |
|a 1907-1918
|
| 648 |
|
7 |
|a 20. století
|7 ch460558
|2 czenas
|
| 650 |
0 |
7 |
|a malíři
|7 ph122596
|z Rakousko
|y 20. století
|2 czenas
|
| 650 |
0 |
7 |
|a rakouské malířství
|7 ph125016
|y 20. století
|2 czenas
|
| 650 |
0 |
7 |
|a expresionismus (umění)
|7 ph120117
|z Rakousko
|2 czenas
|
| 650 |
0 |
9 |
|a painters
|z Austria
|y 20th century
|2 eczenas
|
| 650 |
0 |
9 |
|a Austrian painting
|y 20th century
|2 eczenas
|
| 650 |
0 |
9 |
|a expressionism (art)
|z Austria
|2 eczenas
|
| 655 |
|
7 |
|a studie
|7 fd133597
|2 czenas
|
| 655 |
|
7 |
|a obrazové publikace
|7 fd132947
|2 czenas
|
| 655 |
|
9 |
|a studies
|2 eczenas
|
| 655 |
|
9 |
|a pictorial works
|2 eczenas
|
| 700 |
1 |
|
|a Teltscherová, Lola,
|d 1921-2009
|7 jk01132192
|4 trl
|
| 910 |
2 |
|
|a BOA001
|b 3-1463.025
|
| 920 |
|
|
|a 000780612
|z OSA001
|
| 990 |
|
|
|a BK
|
| 995 |
|
|
|a 01
|
| 996 |
6 |
|
|b 2610858831
|c 3-1463.025
|l MZK
|r Sklad / do 1 hodiny
|n 5
|p p.v.
|w 001845650
|u 000010
|a 1
|e BOA001
|j MZK50
|s P
|